000 01243nam a2200373 c 4500
001 8929
003 BLK
005 20240623004051.0
008 180412b bul|||||r ||||||| ||bul||
010 _aKNG00010323000
020 _a954-459-257-1
040 _aBLK
041 _aBUL
_cBUL
080 _aБългарска литература
_b821.163.2
_x(092)
_z821.163.2(092)
080 _aБиографии
_b929
_z929
100 1 _aСарандев, Иван Атанасов
_9118951
139 _aСарандев, Иван Атанасов
_bС 20
245 1 0 _aИзповеди 101 Х 31
_bСто и един бълг. писатели отговарят на тридесет и един въпроса
_cИван Атанасов Сарандев.
257 _aBGR
260 _bХермес
_c1995
300 _a304 с.
_bс портр.
_c20 см
380 _aX
650 0 _aПисатели, български
_9241944
650 4 _aПоети, български
_9241945
653 _aизповеди
852 _aЦб 184780
856 4 _qpdf
_u
856 4 _qpdf
_u
942 _cKNG
_n0
_04
944 _aCR
_c15.01.2003
_lCRON CRON
_k
944 _aED
_c07.08.2014
999 _c8929
_d8929
999 _d8929
999 _d8929